Loading...
| Beliefs | 3 | 3 | 1 | 1 | 70 | 36 | 80.50 | 3 | 6 | 0.00 | 0.00 |
| 1 | 4 | 0 | 0 | 55 | 53 | 92.20 | 0 | 5 | 0.00 | 0.00 | |
| Fine Arts - Visual | 1 | 3 | 0 | 1 | 45 | 59 | 110.75 | 0 | 3 | 0.00 | 0.00 |
| Literature - European | 1 | 2 | 0 | 1 | 35 | 40 | 93.67 | 1 | 3 | 0.00 | 0.00 |
| History - American | 1 | 2 | 0 | 0 | 35 | 70 | 101.67 | 1 | 3 | 0.00 | 0.00 |
| Social Science | 0 | 3 | 0 | 0 | 30 | 94 | 109.67 | 2 | 3 | 0.00 | 0.00 |
| History - European | 1 | 1 | 0 | 1 | 25 | 55 | 96.50 | 0 | 1 | 0.00 | 0.00 |
| Literature - American | 0 | 2 | 0 | 0 | 20 | 59 | 90.50 | 0 | 1 | 0.00 | 0.00 |
| Fine Arts - Auditory | 0 | 2 | 0 | 0 | 20 | 82 | 83.50 | 0 | 2 | 0.00 | 0.00 |
| Literature - British | 1 | 1 | 1 | 1 | 20 | 58 | 74.00 | 1 | 2 | 0.00 | 0.00 |
| Science - Physics | 0 | 2 | 1 | 1 | 15 | 73 | 102.00 | 0 | 2 | 0.00 | 0.00 |
| British and Commonwealth History | 1 | 0 | 0 | 0 | 15 | 89 | 89.00 | 0 | 1 | 0.00 | 0.00 |
| Ancient History and Archaeology | 0 | 1 | 0 | 0 | 10 | 80 | 80.00 | 0 | 1 | 0.00 | 0.00 |
| Science - Biology | 0 | 1 | 0 | 0 | 10 | 128 | 128.00 | 0 | 1 | 0.00 | 0.00 |
| Current Events | 0 | 1 | 0 | 1 | 10 | 126 | 126.00 | 0 | 1 | 0.00 | 0.00 |
| History - World | 0 | 1 | 1 | 0 | 5 | 81 | 81.00 | 0 | 0 | 0.00 | 0.00 |
| Philosophy | 0 | 1 | 1 | 0 | 5 | 107 | 107.00 | 0 | 0 | 0.00 | 0.00 |
| Other Arts: Auditory | 0 | 0 | 1 | 0 | -5 | 0.00 | 0 | 0 | 0.00 | 0.00 | |
| Other Arts: Visual | 0 | 0 | 1 | 0 | -5 | 0.00 | 0 | 0 | 0.00 | 0.00 |